تخطي إلى المحتوى

Технология и оборудование лесных складов и лесообрабатывающих цехов. Механическая окорка лесоматериалов: лабораторный практикум

В лабораторном практикуме рассмотрено описание роторного окорочного станка ОК-35, моделей окорочных барабанов. Приведены задачи для расчетов мощности приводов окорочного оборудования и задания. Предназначен для студентов направления 250400 «Технология лесозаготовительных и деревоперерабатывающих про...

وصف كامل

محفوظ في:
التفاصيل البيبلوغرافية
المؤلف الرئيسي: Локштанов Б. М.
التنسيق: Книга
اللغة:Russian
منشور في: Санкт-Петербург СПбГЛТУ 2013
الوصول للمادة أونلاين:http://e.lanbook.com/books/element.php?pl1_id=58366
https://e.lanbook.com/img/cover/book/58366.jpg
الوسوم: إضافة وسم
لا توجد وسوم, كن أول من يضع وسما على هذه التسجيلة!
LEADER 01894nam0a2200265 i 4500
001 58366
003 RuSpLAN
005 20221220173932.0
008 221220s2013 ru gs 000 0 rus
020 |a 978-5-9239-0591-5 
040 |a RuSpLAN 
041 0 |a rus 
044 |a ru 
080 |a 630 
084 |a 43.908я7  |2 rubbk 
245 0 0 |a Технология и оборудование лесных складов и лесообрабатывающих цехов. Механическая окорка лесоматериалов: лабораторный практикум  |c Локштанов Б. М. 
260 |a Санкт-Петербург  |b СПбГЛТУ  |c 2013 
300 |a 32 с. 
504 |a Библиогр.: доступна в карточке книги, на сайте ЭБС Лань 
520 8 |a В лабораторном практикуме рассмотрено описание роторного окорочного станка ОК-35, моделей окорочных барабанов. Приведены задачи для расчетов мощности приводов окорочного оборудования и задания. Предназначен для студентов направления 250400 «Технология лесозаготовительных и деревоперерабатывающих производств», профиль «Лесоинженерное дело», и специальности 250401 «Лесоинженерное дело». 
521 8 |a Книга из коллекции СПбГЛТУ - Лесное хозяйство и лесоинженерное дело 
100 1 |a Локштанов Б. М. 
856 4 |u http://e.lanbook.com/books/element.php?pl1_id=58366 
856 4 8 |u https://e.lanbook.com/img/cover/book/58366.jpg 
953 |a https://e.lanbook.com/img/cover/book/58366.jpg 
Cannot write session to /tmp/vufind_sessions/sess_g6gqtt7792eps80mfn6vjmubm9